000 004640000a22001810004500
003 MACL
005 20151016140823.0
008 151016b xxu||||| |||| 00| 0 eng d
040 _aMACL
_cMACL
041 _aEnglish
082 _a920/BAN
100 _aBanerjee, Hiranmay
_915300
245 _aRabindranath Tagor
_bBuilders of Modern India
260 _bPublicaton Division
_c1971
_aNew Delhi
350 _a12
650 _aBiography
_915301
942 _cBK
_k920
_2ddc
999 _c6947
_d6947